000 00752nam a2200205 i 4500
001 40665
003 ES-MaACL
005 20231229063006.0
007 t|
008 030306s1973 sp ||||1| spa d
100 1 _aCarrero Blanco, Luis,
_d1904-1973
_935700
245 1 0 _aDiscurso del presidente del Gobierno, Excmo. Sr. D. Luis Carrero Blanco, en el pleno de las Cortes Españolas, celebrado el día 20 de julio de 1973.
260 _aMadrid :
_bEdiciones del Movimiento,
_c[1973]
300 _a39 p., 4 lám. ;
_c21 cm.
651 4 _aEspaña-
_xHistoria-
_y1955-1975.
_98337
710 1 _aEspaña.
_bCortes Españolas.
_9171820
710 2 _aEdiciones del Movimiento.
_9171800
852 _aES-MaACL
_j2082-F-17
999 _c40665
_d40665